000 00332nam a22001337a 4500
008 230620b xxu||||| |||| 00| 0 eng d
020 _a9789210230674
082 _a306.05
_bUN 2008
110 _bUnited Nations
245 _aWorld E-Parliament Report 2008
260 _bUnited Nations
_c2008
300 _aXII,209p
942 _2ddc
_cBK
999 _c1497
_d1497